[Event "Santpedor op 5th"]
[Site "Santpedor"]
[Date "2001.??.??"]
[Round "2"]
[White "Basas Gamazo, Josep"]
[Black "Gallego Tamaral, Daniel"]
[Result "1-0"]
[WhiteElo "2120"]
[BlackElo "1875"]
[PlyCount "73"]
[EventDate "2001.09.14"]
[EventType "swiss"]
[EventRounds "7"]
[EventCountry "ESP"]
[SourceTitle "EXT 2003"]
[Source "ChessBase"]
[SourceDate "2002.11.25"]
[SourceVersion "1"]
[SourceVersionDate "2002.11.25"]
[SourceQuality "1"]

1. e4 c5 2. Nf3 Nc6 3. d4 cxd4 4. Nxd4 g6 5. Nxc6 bxc6 6. Qd4 f6 7. Bc4 e5 8. Qd3 Ne7 9. Nc3 Bb7 10. 0-0 Qc7 11. Rd1 Rd8 12. Be3 a5 13. Bc5 Nc8 14. Bxf8 Kxf8 15. Rd2 Kg7 16. Rad1 Nb6 17. Bb3 d5 18. exd5 cxd5 19. Qb5 d4 20. Ne2 Ra8 21. Qd3 Ba6 22. Qg3 Bxe2 23. Rxe2 Qc6 24. c3 dxc3 25. bxc3 Rhd8 26. Red2 Rxd2 27. Rxd2 Rc8 28. Rd3 a4 29. Bd1 Nd5 30. Qh3 f5 31. Qh4 Rc7 32. Rh3 Nxc3 33. Qxh7+ Kf6 34. Qh8+ Ke6 35. Qg8+ Kf6 36. Qd8+ Re7 37. Rd3 1-0